Normal view
MARC view
- Aprendices
Entry Materia
001 - NÚMERO DE CONTROL DEL REGISTRO
- campo de control: 7598
003 - IDENTIFICADOR DE NUMERO DE CONTROL
- campo de control: MX-MxUPN
005 - FECHA Y HORA DE LA ÚLTIMA TRANSACCIÓN
- campo de control: 20241017110948.0
008 - DATOS DE LONGITUD FIJA
- campo de control de longitud fija: 241017n||acnnnbabn | a|a |d
035 ## - NÚMERO DE CONTROL DEL SISTEMA
- Número de control del sistema: UPN10000007603
040 ## - FUENTE DE LA CATALOGACIÓN
- Lengua de catalogación: spa
- Agencia de transcripción: MX-MxUPN
- Centro catalogador de origen: MX-MxUPN
150 ## - ENCABEZAMIENTO - TEMÁTICO
- Término de materia o nombre geográfico como elemento inicial: Aprendices
670 ## - FUENTE EN LA QUE SE LOCALIZARON DATOS
- Cita de la fuente: LEMB, 1998:
- Información localizada: página 78 (Aprendices)
902 ## - CATALOGADOR
- Catalogador: CAA/270907
- Catalogador: MaríaRobles/171024
